| 000 | 00532cam a22001694a 4500 | ||
|---|---|---|---|
| 020 | _a9788213617321 | ||
| 020 | _a0821361732 | ||
| 040 | _cDLC | ||
| 082 | 0 | 0 | _a332 WOR 2005 A068 Or. |
| 245 | 0 | 0 |
_aBalancing the development agenda : _bthe transformation of the World Bank under James D. Wolfensohn, 1995-2005 / |
| 260 |
_aWashington, DC : _bWorld Bank, _c2005. |
||
| 300 |
_aviii, 156 p. : _bcol. ill., maps ; _c26 cm. |
||
| 650 | 0 | _aEconomic development. | |
| 650 | 0 | _aEconomic assistance. | |
| 700 | 1 | _aKagia, Ruth. | |
| 942 | _cEK | ||
| 999 |
_c14915 _d14915 |
||